000 00882cab a2200253 4500
001 ABS53773
008 090401t1995 xxu||||| |||| 00| 0 eng d
035 _a(Sirsi) u6531
041 _aeng
100 _aKirkwood, J.
245 _aBusiness computer project
260 _c1995
350 _a0
490 _aEstates Gazette
_v(9542) 21 October 1995, 62-64(3)
520 _aReview of software packages for property professionals. Focuses on Business Computer Projects` Property Manager II system that is described as covering `all aspects of residential and commercial property management`.
650 _aBUSINESS COMPUTER PROJECTS
650 _aDATABASES
650 _aProperty management
_96262
650 _aPROPERTY MANAGER II
650 _aSOFTWARE PACKAGES
690 _aMANAGEMENT-BUSINESS MANAGEMENT-INFORMATION MANAGEMENT
942 _n0
948 _c04/03/1997
999 _c3910
_d3910